Enzyme kinetics: a learning program for students of the biological and medical sciences

Saved in:
Bibliografiske detaljer
Main Authors: Christensen, Halvor N (Author), Palmer, Graham A (Author)
Format: Bog
Sprog:engelsk
Udgivet: Filadelfia W. B. Saunders 1967
Fag:
Tags: Tilføj Tag
Ingen Tags, Vær først til at tagge denne postø!

MARC

LEADER 00000nam a2200000 a 4500
001 UCU4566
003 CL-VaPUC
008 960524e19670000US |||||||||||||||||eng|d
082 0 4 |a 572.7  |b CHR  |2 21 
100 0 |a Christensen, Halvor N  |e author  |9 362212 
700 0 |a Palmer, Graham A  |e author  |9 362213 
245 1 0 |a Enzyme kinetics: a learning program for students of the biological and medical sciences 
300 |a 124 p 
942 |c BK 
945 |d 19960524 00:00:00  |a cmena 
260 |a Filadelfia  |b W. B. Saunders  |c 1967 
650 7 |a ENZIMOLOGIA  |2 CL-VaPUC  |9 263051 
650 0 |a Enzimas  |9 262984 
650 0 |a Bioquímica   |9 259492 
650 0 |a Biotecnología   |9 259561 
650 7 |a REACTIVADORES ENZIMATICOS  |2 CL-VaPUC  |9 361989 
650 0 |a Cinética  |9 260943 
583 |a last modification  |c 19960524 00:00:00  |k Rodrigo Vera 
999 |c 248242  |d 248240 
952 |0 0  |1 0  |4 0  |6 572_700000000000000_CHR_1967  |7 0  |8 A  |9 264741  |a BIBING  |b BIBING  |d 2019-11-19  |i 166672K  |o 572.7 CHR 1967  |p 166672K  |r 2025-01-20  |w 2019-11-19  |y BK  |k EIB